Sistemes de comunicació no vocal per a nens amb disminucions físiques / Carme Basil, Robert Ruiz
Publicado:
[Barcelona] :
Generalitat de Catalunya, Departament d'Ensenyament, Secretaria General ,
1984
Descripción Física:
111 p. : il. ; 24 cm
Colección:
Documents d'educació especial ; 3
Otros Autores:
Ruiz i Bel, Robert
MARC
| LEADER | 00000nam a2200000Ia 4500 | ||
|---|---|---|---|
| 001 | 1443 | ||
| 008 | 160829s1984 xx 000 0 cat d | ||
| 080 | |a E-1-76 | ||
| 100 | |a Basil, Carme |9 29219 | ||
| 245 | |a Sistemes de comunicació no vocal per a nens amb disminucions físiques / Carme Basil, Robert Ruiz | ||
| 260 | |a [Barcelona] : |b Generalitat de Catalunya, Departament d'Ensenyament, Secretaria General, |c 1984 | ||
| 300 | |a 111 p. : |b il. ; |c 24 cm | ||
| 490 | |a Documents d'educació especial ; 3 | ||
| 650 | |a Infants disminuïts físics |x Llenguatge |9 29220 | ||
| 650 | |a Educació especial |9 29221 | ||
| 700 | |a Ruiz i Bel, Robert |9 29222 | ||
| 710 | |a Catalunya. |b Departament d'Ensenyament |9 52899 | ||
| 901 | |a Arxiu | ||
| 942 | |n 1 | ||
| 952 | |0 0 |1 0 |4 0 |6 E176 |7 1 |9 45107 |a Arxiu |b Arxiu |d 2016-12-01 |l 0 |o E-1-76 |p 1443 |r 2016-12-01 00:00:00 |w 2016-12-01 |y ARXIU | ||
| 999 | |c 47727 |d 47727 | ||